| 000 | 00956pam a2200277 a 4500 | ||
|---|---|---|---|
| 001 | 014608045 | ||
| 003 | Uk | ||
| 005 | 20120925153241.0 | ||
| 008 | 080429s2009 xxca b 001 0 eng d | ||
| 010 | _a2008903706 | ||
| 020 | _a0495411256 (International SI ed. : pbk.) : | ||
| 020 | _a9780495411253 (International SI ed. : pbk.) : | ||
| 082 | 0 | 4 |
_a620.30151 _222 _bBAL |
| 100 | 1 |
_aBalachandran, Balakumar. _930964 |
|
| 245 | 1 | 0 |
_aVibrations / _cBalakumar Balachandran, Edward B. Magrab. |
| 250 | _aInternational SI ed., 2nd ed. | ||
| 260 |
_aToronto, ON. ; _aUnited Kingdom : _bCengage Learning, _cc2009. |
||
| 300 |
_axix, 712 p. : _bill. ; _c24 cm. |
||
| 500 | _aPrevious ed.: Belmont, Calif.: Brooks/Cole, 2003. | ||
| 500 |
_aFormerly CIP. _5Uk |
||
| 504 | _aIncludes bibliographical references and index. | ||
| 650 | 0 |
_aVibration. _930965 |
|
| 650 | 0 |
_aVibration _xMathematical models. _930966 |
|
| 653 |
_bMec _cSeptember2012 |
||
| 942 |
_2ddc _cBB |
||
| 999 |
_c17024 _d16996 |
||